The bar companion : includes activities to enjoy beverages while honing your knowledge and skills in bartending / (Record no. 624)

MARC details
000 -LEADER
fixed length control field 00792nam a2200241 4500
003 - CONTROL NUMBER IDENTIFIER
control field OSt
005 - DATE AND TIME OF LATEST TRANSACTION
control field 20240613062840.0
008 - FIXED-LENGTH DATA ELEMENTS--GENERAL INFORMATION
fixed length control field 240613b |||||||| |||| 00| 0 eng d
020 ## - INTERNATIONAL STANDARD BOOK NUMBER
International Standard Book Number 9710870238
040 ## - CATALOGING SOURCE
Original cataloging agency DWCL-HMN lib.
Transcribing agency OC
082 ## - DEWEY DECIMAL CLASSIFICATION NUMBER
Classification number Fil. 641.2 B223c 2011
006 - FIXED-LENGTH DATA ELEMENTS--ADDITIONAL MATERIAL CHARACTERISTICS
fixed length control field a
111 ## - MAIN ENTRY--MEETING NAME
Meeting name or jurisdiction name as entry element Sylvia Silvestre-Ama...[et al]
245 ## - TITLE STATEMENT
Title The bar companion : includes activities to enjoy beverages while honing your knowledge and skills in bartending /
260 ## - PUBLICATION, DISTRIBUTION, ETC.
Place of publication, distribution, etc. Manadaluyong City :
Name of publisher, distributor, etc. National Book Store,
Date of publication, distribution, etc. c2011.
300 ## - PHYSICAL DESCRIPTION
Other physical details 216 p. : ill.;
Dimensions 26 cm.
504 ## - BIBLIOGRAPHY, ETC. NOTE
Bibliography, etc. note Includes bibliographical references.<br/>
650 ## - SUBJECT ADDED ENTRY--TOPICAL TERM
Topical term or geographic name entry element 1. Alcoholic beverages.
650 ## - SUBJECT ADDED ENTRY--TOPICAL TERM
Topical term or geographic name entry element 2. Liqours.
650 ## - SUBJECT ADDED ENTRY--TOPICAL TERM
Topical term or geographic name entry element 3. Bartending.
711 ## - ADDED ENTRY--MEETING NAME
Meeting name or jurisdiction name as entry element Sylvia Silvestre-Ama...[et al]
942 ## - ADDED ENTRY ELEMENTS (KOHA)
Source of classification or shelving scheme Dewey Decimal Classification
Suppress in OPAC No
Koha item type Book-Filipiniana
Call number prefix Fil.
Holdings
Withdrawn status Lost status Source of classification or shelving scheme Damaged status Not for loan Home library Current library Shelving location Date acquired Source of acquisition Total Checkouts Full call number Barcode Date last seen Copy number Price effective from Koha item type Uniform Resource Identifier
    Dewey Decimal Classification     HM & Nursing Library HM & Nursing Library Filipiniana 06/04/2012 School Fund   Fil. 641.2 B223c 2011 49185 06/13/2024 c1 06/13/2024 Book-Filipiniana
    Dewey Decimal Classification     HM & Nursing Library HM & Nursing Library Filipiniana 06/18/2013 School Fund   Fil. 641.2 B223c 2011 50022 06/13/2024 c2 06/13/2024 Book-Filipiniana